000 00886nam a22002537a 4500
003 SISC
005 20170926103350.0
008 170926b xxu||||| |||| 00| 0 eng d
020 _a9781107654600
050 _aQH 315
_b.W357 2014
100 _aWalpole, Brenda
245 _aBiology for the IB diploma /
_cBrenda Walpole with Ashby Merson-Davies, Leighton Dann
250 _aSecond edition
260 _aCambridge :
_bCambridge University Press,
_cc2014.
300 _avi, 407 pages :
_bcolor illustrations ;
_c28 cm.
440 _aCambridge resources for the IB diploma
504 _aIncludes index.
650 _2Library of Congress Subject Headings
_aBiology
_vStudy and teaching
651 _2Library of Congress Subject Headings
_aInternational Baccalaureate
700 _aMerson-Davies, Ashby
700 _aDann, Leighton
942 _2lcc
_cBK
_e2nd
999 _c344406
_d344406